000 00720nam a2200229 a 4500
001 49453
003 BD-RjUL
005 20211209054701.0
008 160821s1963 BG |||| |||| 00| 0 ben d
020 _c: Tk. 3.00
035 _a(BD-RjUL)49572
040 _aBD-RjUL
_bben
_cBD-RjUL
041 _aben
082 _223
_a891.443
_bRAK 1963
100 1 _a রহমান, আবদুর
_9148000
245 1 0 _aখোলা মন /
_cআবদুর রহমান
260 _aঢাকা :
_bশ্রাবণী,
_c১৯৬৩
300 _a[৮], ১১৮ পৃ. ;
_b২১ সেমি.
650 _aবাংলা উপন্যাস
_9148001
650 _aBengali Fiction
_9148002
942 _2ddc
_cBK
999 _c49453
_d49453